Normal view
MARC view
- Benazir ,Bhutto
Entry Personal Name
001 - CONTROL NUMBER
- control field: 81574
003 - CONTROL NUMBER IDENTIFIER
- control field: NUST
005 - DATE AND TIME OF LATEST TRANSACTION
- control field: 20210817154217.0
008 - FIXED-LENGTH DATA ELEMENTS
- fixed length control field: 210817|| aca||aabn | a|a d
040 ## - CATALOGING SOURCE
- Original cataloging agency: NUST
- Transcribing agency: NUST
100 ## - HEADING--PERSONAL NAME
- Personal name: Benazir ,Bhutto
670 ## - SOURCE DATA FOUND
- Source citation: Work cat.: (NUST)179407: Benazir ,Bhutto, Reconciliation, 2008:
